Enciclopedia de los bosques chilenos: conservación, biodiversidad, sustentabilidad

Na minha lista:
Detalhes bibliográficos
Autor principal: Hoffmann J., Adriana E (Autor)
Formato: Livro
Idioma:espanhol
Publicado em: Santiago, Chile Defensores del Bosque Chileno 2000
coleção:Colección Voces del Bosque
Assuntos:
Tags: Adicionar Tag
Sem tags, seja o primeiro a adicionar uma tag!

MARC

LEADER 00000nam a2200000 a 4500
001 UCN4480
003 CL-VaPUC
005 20221008074153.0
008 010803e20000000CL |||||||||||||||||spa|d
999 |c 296717  |d 296715 
040 |c Pontificia Universidad Católica de Valparaíso 
082 0 4 |a 333.75 HOF 2000  |2 21 
100 |a Hoffmann J., Adriana E  |e author  |9 598071 
245 1 0 |a Enciclopedia de los bosques chilenos: conservación, biodiversidad, sustentabilidad 
260 0 3 |a Santiago, Chile  |b Defensores del Bosque Chileno  |c 2000 
300 |a 350 p 
490 0 |a Colección Voces del Bosque 
583 |a last modification  |c 20010803 00:00:00  |k Rodrigo Vera 
650 0 |a Medio ambiente natural  |9 338575 
650 7 |a BOSQUES CHILENOS  |2 CL-VaPUC  |9 460946 
650 7 |a CONSERVACION DE LOS RECURSOS NATURALES  |2 CL-VaPUC  |9 261621 
650 0 |a Biodiversidad   |9 385995 
650 0 |a Gestión ambiental   |9 338121 
942 |c BK  |2 ddc 
945 |d 20010803 00:00:00  |a cmena 
952 |0 0  |1 0  |2 ddc  |4 0  |6 333_750000000000000_HOF_2000  |7 0  |8 A  |9 350792  |a BIBCUR  |b BIBCUR  |d 2019-11-20  |i 3744191  |l 2  |m 1  |o 333.75 HOF 2000  |p 3744191  |r 2025-04-22  |s 2024-01-29  |t 1  |w 2019-11-20  |y BK  |k BIO